Organizations’ Environmental Performance Indicators Measuring, Monitoring, and Management /

The book provides a collection of individual chapters from the participants in the OEPI project, which represent a mix of academic and practical chapters and contributions. The first part of the book is dedicated to a theoretical introduction to Organisations' Environmental Performance Indicato...

Πλήρης περιγραφή

Λεπτομέρειες βιβλιογραφικής εγγραφής
Συγγραφή απο Οργανισμό/Αρχή: SpringerLink (Online service)
Άλλοι συγγραφείς: Dada, Ali (Επιμελητής έκδοσης), Stanoevska, Katarina (Επιμελητής έκδοσης), Gómez, Jorge Marx (Επιμελητής έκδοσης)
Μορφή: Ηλεκτρονική πηγή Ηλ. βιβλίο
Γλώσσα:English
Έκδοση: Berlin, Heidelberg : Springer Berlin Heidelberg : Imprint: Springer, 2013.
Σειρά:Environmental Science and Engineering, Environmental Engineering,
Θέματα:
Διαθέσιμο Online:Full Text via HEAL-Link
LEADER 03115nam a22004815i 4500
001 978-3-642-32720-9
003 DE-He213
005 20151126001106.0
007 cr nn 008mamaa
008 130608s2013 gw | s |||| 0|eng d
020 |a 9783642327209  |9 978-3-642-32720-9 
024 7 |a 10.1007/978-3-642-32720-9  |2 doi 
040 |d GrThAP 
050 4 |a GE1-350 
072 7 |a TQ  |2 bicssc 
072 7 |a SCI026000  |2 bisacsh 
082 0 4 |a 628  |2 23 
245 1 0 |a Organizations’ Environmental Performance Indicators  |h [electronic resource] :  |b Measuring, Monitoring, and Management /  |c edited by Ali Dada, Katarina Stanoevska, Jorge Marx Gómez. 
264 1 |a Berlin, Heidelberg :  |b Springer Berlin Heidelberg :  |b Imprint: Springer,  |c 2013. 
300 |a XX, 228 p.  |b online resource. 
336 |a text  |b txt  |2 rdacontent 
337 |a computer  |b c  |2 rdamedia 
338 |a online resource  |b cr  |2 rdacarrier 
347 |a text file  |b PDF  |2 rda 
490 1 |a Environmental Science and Engineering, Environmental Engineering,  |x 1863-5520 
505 0 |a IT solutions for EPI management -- Why another solution? What are practitioner’s challenges not addressed by today’s solutions and what do we propose -- Design for Environment -- Sourcing and Procurement -- Environmental Reporting -- Network deployment / circuit provisioning -- Ontology -- OEPI Platform -- OEPI Portal -- Incorporating external data -- Incentivizing suppliers to provide new data -- Impact assessment and evaluation -- Practical guidelines. 
520 |a The book provides a collection of individual chapters from the participants in the OEPI project, which represent a mix of academic and practical chapters and contributions. The first part of the book is dedicated to a theoretical introduction to Organisations' Environmental Performance Indicators and to a state-of-the-art overview in literature and practice. The second part of the book contains several chapters describing information systems and their components supporting the management of Environmental Performance Indicators, especially in inter-organizational contexts. The third part is dedicated to three case studies from practice, and the book concludes with part four, in which practical guidelines for the innovative management of Environmental Performance indicators in organizations and in inter-organizational contexts are presented. 
650 0 |a Earth sciences. 
650 0 |a Environmental sciences. 
650 0 |a Sustainable development. 
650 1 4 |a Earth Sciences. 
650 2 4 |a Environmental Science and Engineering. 
650 2 4 |a Sustainable Development. 
700 1 |a Dada, Ali.  |e editor. 
700 1 |a Stanoevska, Katarina.  |e editor. 
700 1 |a Gómez, Jorge Marx.  |e editor. 
710 2 |a SpringerLink (Online service) 
773 0 |t Springer eBooks 
776 0 8 |i Printed edition:  |z 9783642327193 
830 0 |a Environmental Science and Engineering, Environmental Engineering,  |x 1863-5520 
856 4 0 |u http://dx.doi.org/10.1007/978-3-642-32720-9  |z Full Text via HEAL-Link 
912 |a ZDB-2-EES 
950 |a Earth and Environmental Science (Springer-11646)